00906nam a2200253Ia 450000500170000000800410001702000150005810000320007324500660010525000390017130000420021049000290025250000440028165000450032565000470037065000330041770000340045026400340048433600270051833700330054533800280057804000350060608400110064120220317000527.0160601s2005 ck a g 000 0 spa d a95830044211 aDarío, Rubénd1867-191610aRubén Darío cSelección de Carlos Nicolás Hernández a1a. edición b3a. reimpresión  a91 páginas bilustraciones c21 cm  aCuadernillos de poesía aIncluye reseña biográfica del autor142LEMBaPoesía nicaragüense ySiglo XX142LEMBaLiteratura nicaragüense ySiglo XX142LEMBaAmor en la literatura 1 aHernández, Carlos Nicolás aBogotá bPanamericanac2005 atextobtxt2rdacontent asin mediaciónbn2rdamedia avolumenbnc2rdacarrier aCO-BoRNBPbspaerdacCO-BoRNBP aP DAR1